| 000 | 00600nam a22002057a 4500 | ||
|---|---|---|---|
| 005 | 20141010080004.0 | ||
| 008 | 850314s1986 mauaf b 001 0 eng | ||
| 020 | _a0669076791 | ||
| 024 | 0 | _ceng | |
| 080 | _a35.07 | ||
| 100 | 1 | _aWilson, James Q. | |
| 245 | 1 | 0 |
_aAmerican government : _cJames Q. Wilson. |
| 250 | _a3rd ed. | ||
| 260 |
_aLexington, Mass. : _bD.C. Heath, _c1986. |
||
| 300 |
_a642, A 88 p. _bme il.; _c24 cm. |
||
| 504 | _aIncludes bibliographies, references and indexes f. A51-A88 | ||
| 650 | _aQeveritë | ||
| 651 | 0 | _aUnited States | |
| 942 |
_2udc _cBK |
||
| 999 |
_c523 _d523 |
||